00638nam a2200169 a 450000100100000000500170001000800410002704000250006810000340009324500710012726000460019830000200024450000730026404900090033795201050034699900170045100003070720200930062449.0110526s1929 dr 000 0 spa d aDO-SdBNPbspacBNPHU1 aVelazquez H., Federico95728413aLa frontera de la República Dominicana. /cFederico Velazquez H. aSanto Domingo :bEditora Progreso,c1929. a72 p. ;c20 cm. aIncluye referencias bibliográficas y notas al pie de las páginas aBNPD 0010718PDaPDbPDcCTd2011-05-26iLF1l0o p30707-10r2020-06-25w2020-06-25yLFPDZNo se presta c30199d30199